Variation in German : a critical approach to German sociolinguistics

Αποθηκεύτηκε σε:
Λεπτομέρειες βιβλιογραφικής εγγραφής
Κύριος συγγραφέας: Barbour, Stephen
Άλλοι συγγραφείς: Stevenson, Patrick 1954-
Μορφή: Βιβλίο
Γλώσσα:English
Δημοσίευση: Cambridge : Cambridge University Press, 1990
Θέματα:
Ετικέτες: Προσθήκη ετικέτας
Δεν υπάρχουν, Καταχωρήστε ετικέτα πρώτοι!

MARC

LEADER 00000nam a2200000 i 4500
001 1/63295
008 930923s eng d
020 |a 0-521-35704-7 
035 |a ΛΕΣΒΟΣb10001186  |l 10001186 
040 |a GR-MY-UA  |b gre  |e aacr 
041 0 |a eng 
082 0 |a 306.440943 
100 1 |a Barbour, Stephen. 
245 1 0 |a Variation in German :  |b a critical approach to German sociolinguistics /  |c Stephen Barbour; Patrick Stevenson 
260 |a Cambridge :   |b Cambridge University Press,   |c 1990 
300 |a 308 p. 
504 |a Includes bibliographical references and index 
650 0 0 |a German language  |x Variation. 
650 0 0 |a German language  |x Social aspects. 
650 0 0 |a Sociolinguistics. 
700 1 |a Stevenson, Patrick  |d 1954- 
852 |a INST  |b LESVOS  |e 19930923  |h 306.440943 BAR  |p 005100004729  |q 005100004729  |t BK  |y 0 
909 |a Λ  |b 027402